000 01260nam a2200229Ia 4500
001 18825
003 GE_BSU
008 181216s||||||||xx |||||||||||||| ||und||
040 _cGE_BSU
245 _aსაქართველოს ბიბლიოთეკა :№1(58) 2015
245 _bპროფესიული ჟრნალი ბიბლიოთეკარებისათვის.
245 _cრედ.: ალექსანდრე ლორია, რედ მოადგ:გურამ თაყნიაშვილი.
250 _aჟურნალი გამოდის წელიწადში ოთხჯერ.
260 _aთბილისი
260 _bსაბიბლიოთეკო ასოციაცია
260 _c2015
300 _a56გვ;29სმ.
520 _aაკაკი წერეთელი-175;ტექნოლოგიური სიახლეები ეროვნულ ბიბლიოთეკაში;საქართველოს ბიბლიოთეკების კვირეული2015
653 _aპერიოდიკა
653 _aსაქართველოს ბიბლიოთეკა
942 _cCR
999 _c51829
_d51829